00365nam a2200121Ia 4500008004000000020001800040082001300058100004500071245004200116260003300158300001400191650003800205210210b2000 xxu||||| |||| 00| 0 eng d a0 7619 5329 9 a150 PAWI aPAWLIK (Kurt) & ROSENZWEIG (Mark R), Ed. aInternational Handbook of psychology. aN DbSage Publicationsc2000 axxxii,629 aInternational Handbook Psychology